ნორმალური ფორმატი
MARC ფორმატი
ჩანაწერი Personal Name
ჩანაწერთა რაოდენობა, რომელიც გამოყენებულია: 1
001 - CONTROL NUMBER
- control field: 23614
003 - CONTROL NUMBER IDENTIFIER
- control field: GE_BSU
005 - DATE AND TIME OF LATEST TRANSACTION
- control field: 20241104163012.0
008 - FIXED-LENGTH DATA ELEMENTS
- fixed length control field: 241104|| aca||aabn | a|a d
040 ## - CATALOGING SOURCE
- Original cataloging agency: GE_BSU
- Transcribing agency: GE_BSU
100 ## - HEADING--PERSONAL NAME
- Personal name: Енукашвили, С.
- Titles and other words associated with a name: Редактор
670 ## - SOURCE DATA FOUND
- Source citation: Work cat.: (GE_BSU)47228: Чачанидзе, В. И. 23613, Петр Ивер и археологические раскопки грузинского монастыря в Иерусалиме = Peter the Iberian and archaeological excavations of the Georgian monastery in Ierusalem /
